Darte - Alex Rose, Myke Towers - Estadísticas

Estadísticas generales
  • Esta prueba ha sido intentada 40 veces
  • La puntuación promedio es 243 de 355
Estadísticas de respuestas
Letra % Correcto
darte
100%
Quiero
100%
si
95%
Si
95%
y
95%
Y
95%
a
91%
A
91%
hace
91%
91%
91%
tu
91%
chingarte
86%
Con
86%
con
86%
lo
86%
Me
86%
me
86%
pa'
86%
que
86%
sin
86%
te
86%
Te
86%
de
82%
en
82%
En
82%
Es
82%
es
82%
Hacerlo
82%
la
82%
La
82%
mi
82%
no
82%
No
82%
o
82%
solo
82%
yo
82%
Yo
82%
aquí
77%
decirte
77%
Dime
77%
el
77%
ella
77%
Ella
77%
estás
77%
le
77%
Quieres
77%
siento
77%
ti
77%
condón
73%
cuarto
73%
ganas
73%
llamarte
73%
pienso
73%
tus
73%
bellaco
68%
codeína
68%
como
68%
Como
68%
estoy
68%
ninguna
68%
to'
68%
al
64%
coche
64%
llevarte
64%
noche
64%
partes
64%
por
64%
se
64%
64%
toque
64%
Baby
59%
baby
59%
del
59%
día
59%
Dice
59%
gusta
59%
hago
59%
He
59%
I
59%
las
59%
los
59%
mezclar
59%
perfume
59%
quedó
59%
refresco
59%
sabes
59%
acuerdo
55%
adicta
55%
así
55%
Aun
55%
Cuando
55%
cuando
55%
Dolce
55%
echa
55%
esos
55%
expreso
55%
friendzone
55%
fuck
55%
mama
55%
nunca
55%
perfecto
55%
poses
55%
ropa
55%
sexo
55%
tuve
55%
volvió
55%
you
55%
ahí
50%
asiento
50%
encuentro
50%
espose
50%
estar
50%
merezco
50%
movimientos
50%
nalgas
50%
otras
50%
pero
50%
pide
50%
sacar
50%
wanna
50%
Adicto
45%
Alex
45%
bebé
45%
Contigo
45%
encima
45%
hiciste
45%
moje
45%
pin
45%
Polo
45%
Rose
45%
única
45%
voy
45%
ya
45%
Ya
45%
adentro
41%
Alguien
41%
atreví
41%
bicho
41%
codeine
41%
comerte
41%
completita
41%
echártela
41%
eres
41%
experimentado
41%
favorita
41%
grita
41%
Myke
41%
necesita
41%
pon
41%
pongo
41%
venir
41%
este
36%
freaky
36%
papel
36%
Towers
36%
Bebesita
32%
Envíame
32%
weed
32%
Akon
27%
ando
27%
llegando
27%
metía
27%
oxycodone
27%
siempre
27%
Fresh
23%
Oidos
23%
Yeah
23%
Young
23%
Kingz
18%
JX
14%
nigga
14%
uh
0%
No se encontraron pruebas coincidentes
Distribución de puntuación
Porcentaje de gente con cada puntuación
Porcentaje por número respondido
Historial de tus puntuaciones
No has intentado esta prueba.